| 000 | 00428 a2200145 4500 | ||
|---|---|---|---|
| 020 | _aN/S | ||
| 040 | _aULA-LD-MS | ||
| 082 | _a658.3 | ||
| 100 |
_91073 _aMANDONGA, Youran,Martins ,Mendes |
||
| 245 | _aAvaliaȯ̂ das Tecnicas e Metodos Usados no Processo de Recrutamento e Selecȯ̂ de Pessoal | ||
| 260 |
_aLuanda , _bUniversidade Lusiada _c2024. |
||
| 300 | _a103p | ||
| 650 | _aGestô de Recursos Humanos | ||
| 942 | _cTFC | ||
| 999 |
_c2251 _d2251 |
||